| 000 | 01200cam a2200289 4500 | ||
|---|---|---|---|
| 001 | 12607 | ||
| 005 | 20230404125642.0 | ||
| 008 | 060907n1998 wau spa | ||
| 035 | _9funglode12707 | ||
| 041 | _aspa | ||
| 050 | 1 | 4 | _aCD F |
| 245 | 0 | _aEstrategia para el manejo integrado de los recursos hídricos | |
| 260 |
_aWashington, D.C. : _bBanco Interamericano de Desarrollo, Departamento de Desarrollo Sostenible, División de Medio Ambiente, _c1998 |
||
| 300 | _a37 p. | ||
| 490 | 1 | _aInforme de estrategia del BID | |
| 500 | _a"Diciembre de 1998." | ||
| 500 | _a"Preparado por Luis E. García"--t.p. verso. | ||
| 500 | _a"Esta estrategia (GN-1908-4) fue considerada favorablemente por el Directorio Ejecutivo del Banco en mayo de 1998"--Verso t.p. | ||
| 504 | _aIncludes bibliographical references (p. 28-31). | ||
| 650 | 0 |
_aWater resources development _zLatin America. |
|
| 650 | 0 |
_aWater resources development _zCaribbean Area. |
|
| 650 | 0 |
_aWater-supply _zLatin America. |
|
| 650 | 0 |
_aWater-supply _zCaribbean Area. |
|
| 610 | 2 | 4 |
_aInter-American Development Bank _xEnvironmental policy. |
| 710 | 2 |
_aInter-American Development Bank. _bEnvironment Division. |
|
| 942 |
_2lcc _ccd |
||
| 999 |
_c1914 _d1914 |
||